[Event "12th Asia-ch (women)"]
[Site "Tehran IRI"]
[Date "2007.09.10"]
[Round "8"]
[White "Le Kieu Thien Kim"]
[Black "Gu Xiaobing"]
[Result "1/2-1/2"]
[WhiteElo "2293"]
[BlackElo "2351"]
[EventDate "2007.09.03"]
[PlyCount "60"]

1.e4 c5 2.Nf3 d6 3.c3 Nf6 4.h3 Nbd7 5.Bd3 g6 6.Bc2 Ne5 7.d4 Nxf3+ 8.Qxf3 
Bg7 9.dxc5 dxc5 10.e5 Nd7 11.e6 fxe6 12.Be3 Ne5 13.Qe2 O-O 14.O-O Qc7 15.
Nd2 b6 16.Bb3 Kh8 17.f4 Nc6 18.Nf3 Bf6 19.Ng5 Nd8 20.Qg4 Nf7 21.Qh4 h5 22.
Qe1 Qc6 23.Bc2 Nxg5 24.fxg5 Bb7 25.Qe2 Be5 26.Bxg6 Kg7 27.Bxh5 Bc7 28.Qc2 
Qd6 29.Qg6+ Kh8 30.Qh6+ Kg8 1/2-1/2

[Event "12th Asia-ch (women)"]
[Site "Tehran IRI"]
[Date "2007.09.10"]
[Round "8"]
[White "Hakimifard, Ghazal"]
[Black "Batkhuyag, Munguntuul"]
[Result "0-1"]
[WhiteElo "2018"]
[BlackElo "2405"]
[EventDate "2007.09.03"]
[PlyCount "82"]

1.e4 e5 2.Nf3 d6 3.d4 Nf6 4.Nc3 Nbd7 5.Bc4 Be7 6.O-O O-O 7.h3 c6 8.Be3 b5 
9.Bd3 Bb7 10.dxe5 dxe5 11.Ne2 a6 12.Ng3 Re8 13.c3 c5 14.Qe2 c4 15.Bc2 Qc7 
16.Rad1 Nf8 17.Nd2 Ne6 18.Nf5 Bf8 19.Rfe1 Rad8 20.Qf3 Kh8 21.Nf1 Ng8 22.
Bc1 g6 23.N5e3 Nf4 24.Kh2 f5 25.g3 Nd3 26.Bxd3 cxd3 27.Nd2 Nf6 28.Ng4 Nxe4
29.Nxe4 Bxe4 30.Rxe4 fxe4 31.Qxe4 Qc4 32.Qb7 Bg7 33.Bg5 Qd5 34.Qxa6 Rd6 
35.Qa7 Rf8 36.Rd2 Rd7 37.Qb6 Rdf7 38.Be3 h5 39.Nh6 Rf6 40.Qa7 Kh7 41.g4 
Rf3 0-1

[Event "12th Asia-ch (women)"]
[Site "Tehran IRI"]
[Date "2007.09.10"]
[Round "8"]
[White "Wang Yu A."]
[Black "Zhang Jilin"]
[Result "1/2-1/2"]
[WhiteElo "2384"]
[BlackElo "2338"]
[EventDate "2007.09.03"]
[PlyCount "144"]

1.e4 c5 2.Nf3 d6 3.d4 cxd4 4.Nxd4 Nf6 5.Nc3 a6 6.Be3 e5 7.Nf3 Be7 8.Bc4 
O-O 9.O-O Nc6 10.Re1 b5 11.Bd5 Bb7 12.a3 h6 13.Qd3 Qc7 14.Bd2 Rac8 15.Ba2 
Na5 16.Nh4 Nc4 17.Nf5 Nxd2 18.Qxd2 Rfd8 19.Rad1 Bf8 20.f3 a5 21.Ne3 d5 22.
Ncxd5 Bxd5 23.Bxd5 Bc5 24.c3 Nxd5 25.exd5 b4 26.axb4 axb4 27.Kh1 bxc3 28.
bxc3 Bb6 29.d6 Qd7 30.Qd3 Bxe3 31.Qxe3 Rc6 32.Qxe5 Rxd6 33.Rxd6 Qxd6 34.
Qxd6 Rxd6 35.h4 Rd3 36.Re8+ Kh7 37.Rc8 Kg6 38.Kh2 Kh5 39.Kg3 g5 40.hxg5 
hxg5 41.c4 Rc3 42.c5 Kg6 43.c6 Kf5 44.Kf2 Rc2+ 45.Ke3 Rxg2 46.Rf8 Rc2 47.
Rxf7+ Ke6 48.Rh7 Ke5 49.c7 Rc3+ 50.Kf2 Kf5 51.Ke2 Ke5 52.Kd2 Rc6 53.Kd3 
Rc1 54.Ke2 Rc2+ 55.Ke3 Rc3+ 56.Kf2 Kf5 57.Kg3 g4 58.Rh5+ Kg6 59.Kxg4 Rxc7 
60.f4 Rc6 61.Ra5 Rb6 62.Ra8 Kf6 63.Rh8 Kg7 64.Rh1 Kg6 65.f5+ Kg7 66.Kg5 
Ra6 67.Rb1 Kf7 68.Rb5 Rc6 69.Ra5 Rb6 70.Ra7+ Kf8 71.Rd7 Ra6 72.f6 Ra1 
1/2-1/2

[Event "12th Asia-ch (women)"]
[Site "Tehran IRI"]
[Date "2007.09.10"]
[Round "8"]
[White "Hoang Thi Bao Tram"]
[Black "Hoang Thi Nhu Y"]
[Result "0-1"]
[WhiteElo "2306"]
[BlackElo "2018"]
[EventDate "2007.09.03"]
[PlyCount "98"]

1.d4 d5 2.c4 c6 3.Nc3 Nf6 4.Nf3 e6 5.cxd5 exd5 6.Bg5 Be7 7.e3 Bf5 8.Nh4 
Bg6 9.Nxg6 hxg6 10.Be2 Ne4 11.Bf4 Nd7 12.Nxe4 dxe4 13.O-O O-O 14.Qc2 Nf6 
15.Be5 Re8 16.Bc4 Bd6 17.Bxd6 Qxd6 18.h3 g5 19.Be2 g6 20.Rfc1 Qd7 21.Qc5 
Nd5 22.b4 Rec8 23.Rab1 b6 24.Qc2 Qe6 25.Qb3 Nf6 26.Rc2 Qd6 27.Rbc1 Kg7 28.
a3 Rc7 29.Qa4 Rac8 30.Ba6 b5 31.Qa5 Rb8 32.Rc5 g4 33.Bxb5 gxh3 34.Rxc6 
Rxc6 35.Rxc6 Qd7 36.Qa6 Qg4 37.Bf1 hxg2 38.Bxg2 Qd1+ 39.Qf1 Qh5 40.f3 Rh8 
41.Qf2 exf3 42.Qxf3 Ng4 43.Qg3 Qg5 44.e4 Rh2 45.Rc5 Rxg2+ 46.Qxg2 Qe3+ 47.
Kf1 Qd3+ 48.Qe2 Qg3 49.Qd2 Nh2+ 0-1

[Event "12th Asia-ch (women)"]
[Site "Tehran IRI"]
[Date "2007.09.10"]
[Round "8"]
[White "Ghaderpour, Shayesteh"]
[Black "Paridar, Shadi"]
[Result "1/2-1/2"]
[WhiteElo "2190"]
[BlackElo "2225"]
[EventDate "2007.09.03"]
[PlyCount "49"]

1.e4 c5 2.Nf3 d6 3.d4 cxd4 4.Nxd4 Nf6 5.Nc3 a6 6.Bc4 e6 7.Bb3 b5 8.O-O Be7
9.f4 O-O 10.e5 dxe5 11.fxe5 Nfd7 12.Be3 Nxe5 13.Qh5 Nbc6 14.Nxc6 Nxc6 15.
Rf3 b4 16.Rh3 h6 17.Rd1 Qa5 18.Nd5 exd5 19.Rg3 d4 20.Bd5 Bg5 21.Bxg5 Qxd5 
22.Bf6 Qxh5 23.Rxg7+ Kh8 24.Rg5+ Kh7 25.Rg7+ 1/2-1/2

[Event "12th Asia-ch (women)"]
[Site "Tehran IRI"]
[Date "2007.09.10"]
[Round "8"]
[White "Wang Xiaohui"]
[Black "Amrutha Mokal, Sunil"]
[Result "1/2-1/2"]
[WhiteElo "2190"]
[BlackElo "2166"]
[EventDate "2007.09.03"]
[PlyCount "99"]

1.d4 Nf6 2.c4 e6 3.Nf3 b6 4.g3 Ba6 5.b3 Bb4+ 6.Bd2 Be7 7.Bg2 c6 8.Bc3 d5 
9.Nbd2 O-O 10.Ne5 Nfd7 11.Nd3 Bb7 12.O-O c5 13.cxd5 exd5 14.Rc1 Na6 15.Nf4
Nf6 16.dxc5 Nxc5 17.Bb2 Rc8 18.Nb1 Nce4 19.Nc3 Nxc3 20.Rxc3 Rxc3 21.Bxc3 
Ne4 22.Bb2 Bf6 23.Bxf6 Nxf6 24.Qd3 Qe7 25.Rc1 Rd8 26.e3 h6 27.Qd4 Rd6 28.
Rd1 Rd7 29.b4 Bc6 30.Rb1 Bb7 31.h4 Qd6 32.Rc1 Bc6 33.Qd3 Bb7 34.a3 Rc7 35.
Rd1 Qe5 36.a4 Rc4 37.Bxd5 Bxd5 38.Nxd5 Qxd5 39.Qxd5 Nxd5 40.Rxd5 Rxb4 41.
a5 g6 42.h5 Kg7 43.Kg2 g5 44.f3 g4 45.fxg4 Rxg4 46.Kf3 Ra4 47.axb6 axb6 
48.g4 Rb4 49.Rd6 b5 50.Rb6 1/2-1/2

[Event "12th Asia-ch (women)"]
[Site "Tehran IRI"]
[Date "2007.09.10"]
[Round "8"]
[White "Pham Bich Ngoc"]
[Black "Tajik, Sareh"]
[Result "1-0"]
[WhiteElo "2103"]
[BlackElo "2000"]
[EventDate "2007.09.03"]
[PlyCount "73"]

1.c4 e6 2.g3 d5 3.Bg2 Nf6 4.Nf3 Be7 5.Qc2 O-O 6.O-O a6 7.b3 c5 8.cxd5 exd5
9.d4 Nbd7 10.Rd1 Qb6 11.Nc3 Rd8 12.Na4 Qc6 13.Ba3 b6 14.Rac1 Ne4 15.dxc5 
bxc5 16.Nd4 Qg6 17.Bxe4 dxe4 18.Bxc5 Nxc5 19.Nxc5 Bh3 20.Qxe4 Qf6 21.b4 
Re8 22.Qf3 Qg6 23.Nd3 Bg4 24.Qg2 Qd6 25.Nc5 Qb6 26.h3 Bh5 27.a3 a5 28.g4 
Bg6 29.Nd7 Qd6 30.Nb5 Qf4 31.e3 Qe4 32.Qxe4 Bxe4 33.Nc7 Bf3 34.Nxe8 Bxd1 
35.Rxd1 Rxe8 36.bxa5 Bxa3 37.a6 1-0

[Event "12th Asia-ch (women)"]
[Site "Tehran IRI"]
[Date "2007.09.11"]
[Round "9"]
[White "Salman, Mahini Mona"]
[Black "Hoang Thi Bao Tram"]
[Result "1/2-1/2"]
[WhiteElo "2106"]
[BlackElo "2306"]
[EventDate "2007.09.03"]
[PlyCount "51"]

1.e4 e5 2.Nf3 Nf6 3.Nxe5 d6 4.Nf3 Nxe4 5.Nc3 Nxc3 6.dxc3 Be7 7.Bf4 Nd7 8.
Bd3 Nc5 9.Bc4 O-O 10.Be3 Bf6 11.Qd2 Rb8 12.Bxc5 dxc5 13.O-O-O Qxd2+ 14.
Rxd2 Bg4 15.Rd5 b6 16.Rd3 Rfd8 17.Nd2 Bg5 18.g3 Rxd3 19.cxd3 b5 20.Bd5 Rd8
21.Bc6 Bxd2+ 22.Kxd2 a6 23.Re1 Be6 24.a3 Rd6 25.Bg2 f6 26.Rxe6 1/2-1/2

[Event "12th Asia-ch (women)"]
[Site "Tehran IRI"]
[Date "2007.09.11"]
[Round "9"]
[White "Le Thanh Tu"]
[Black "Nguyen Thi Thanh An"]
[Result "1/2-1/2"]
[WhiteElo "2318"]
[BlackElo "2296"]
[EventDate "2007.09.03"]
[PlyCount "59"]

1.d4 g6 2.e4 Bg7 3.Nc3 c6 4.g3 d6 5.h3 Nf6 6.Bg2 Nbd7 7.Nge2 e5 8.O-O O-O 
9.Be3 Qc7 10.Kh2 Re8 11.Qd2 b5 12.a3 Rb8 13.Rad1 a5 14.f3 Ba6 15.Rfe1 b4 
16.axb4 axb4 17.Na4 Bf8 18.b3 Bb5 19.Nb2 c5 20.dxe5 dxe5 21.Nc1 c4 22.bxc4
Bxc4 23.Nxc4 Qxc4 24.Bf1 Qc6 25.Nb3 Rec8 26.Bd3 Nc5 27.Nxc5 Bxc5 28.Bxc5 
Qxc5 29.Rb1 Kg7 30.Rb3 1/2-1/2

[Event "12th Asia-ch (women)"]
[Site "Tehran IRI"]
[Date "2007.09.11"]
[Round "9"]
[White "Ju Wenjun"]
[Black "Tania, Sachdev"]
[Result "1/2-1/2"]
[WhiteElo "2345"]
[BlackElo "2393"]
[EventDate "2007.09.03"]
[PlyCount "39"]

1.d4 Nf6 2.c4 e6 3.Nf3 b6 4.g3 Bb7 5.Bg2 Be7 6.O-O O-O 7.Nc3 Ne4 8.Bd2 f5 
9.Qc2 Nxc3 10.Bxc3 Be4 11.Qd2 Bf6 12.Ne1 Bxg2 13.Nxg2 Qe7 14.Rfe1 Qf7 15.
Nf4 Nc6 16.e3 g6 17.e4 e5 18.dxe5 Nxe5 19.Bxe5 Bxe5 20.exf5 1/2-1/2

[Event "12th Asia-ch (women)"]
[Site "Tehran IRI"]
[Date "2007.09.11"]
[Round "9"]
[White "Ramaswamy, Aarthie"]
[Black "Le Kieu Thien Kim"]
[Result "0-1"]
[WhiteElo "2281"]
[BlackElo "2293"]
[EventDate "2007.09.03"]
[PlyCount "72"]

1.e4 e6 2.d4 d5 3.Nd2 Nf6 4.e5 Nfd7 5.Bd3 c5 6.c3 Nc6 7.Ngf3 Qb6 8.O-O 
cxd4 9.cxd4 Nxd4 10.Nxd4 Qxd4 11.Nf3 Qb6 12.Qa4 Qb4 13.Qc2 Nc5 14.Bd2 Qa4 
15.b3 Qd7 16.Bxh7 g6 17.Ng5 Ne4 18.Nxe4 dxe4 19.Bg5 Qc6 20.Qd2 Bd7 21.Rfd1
Ba3 22.Qa5 Qc5 23.Qd2 Qc7 24.Bxg6 fxg6 25.Qf4 Rf8 26.Qxe4 Rf5 27.Bf6 Bc6 
28.Qh4 Rh5 29.Qg4 Kf7 30.Rd3 Be7 31.Qf4 Rf5 32.Qh4 Bxf6 33.exf6 Rh5 34.Qd4
Qxh2+ 35.Kf1 Qxg2+ 36.Ke2 Bb5 0-1

[Event "12th Asia-ch (women)"]
[Site "Tehran IRI"]
[Date "2007.09.11"]
[Round "9"]
[White "Batkhuyag, Munguntuul"]
[Black "Zhang Jilin"]
[Result "1/2-1/2"]
[WhiteElo "2405"]
[BlackElo "2338"]
[EventDate "2007.09.03"]
[PlyCount "94"]

1.e4 c5 2.Nf3 d6 3.d4 cxd4 4.Nxd4 Nf6 5.Nc3 a6 6.Be3 e5 7.Nf3 Be7 8.Bc4 
O-O 9.O-O Nc6 10.Re1 b5 11.Bf1 Be6 12.Nd5 Nxe4 13.c4 Nf6 14.Nxf6+ Bxf6 15.
cxb5 axb5 16.Bxb5 Na7 17.Ba6 Nc8 18.Bb5 d5 19.Bc5 Nd6 20.a4 Qc7 21.Rc1 
Rfc8 22.b4 Ne4 23.Qe2 Qb7 24.Qe3 Bf5 25.Qb3 d4 26.h3 Be6 27.Qc2 Nc3 28.
Nxe5 Nxb5 29.axb5 Qxb5 30.Qd3 Qxd3 31.Nxd3 Ra3 32.Rcd1 Bb3 33.Rd2 Ra2 34.
Rxa2 Bxa2 35.b5 Bc4 36.b6 h6 37.Bd6 Ba6 38.Nc5 Rc6 39.b7 Bxb7 40.Nxb7 Rb6 
41.Be7 Rxb7 42.Bxf6 gxf6 43.Re8+ Kg7 44.Rd8 Rb1+ 45.Kh2 Rd1 46.g3 Kg6 47.
Rd5 f5 1/2-1/2

[Event "12th Asia-ch (women)"]
[Site "Tehran IRI"]
[Date "2007.09.11"]
[Round "9"]
[White "Pham Bich Ngoc"]
[Black "Swathi, Ghate"]
[Result "1/2-1/2"]
[WhiteElo "2103"]
[BlackElo "2317"]
[EventDate "2007.09.03"]
[PlyCount "75"]

1.c4 c5 2.g3 Nc6 3.Bg2 g6 4.Nc3 Bg7 5.e4 d6 6.Nge2 e6 7.a3 Nge7 8.Rb1 b6 
9.b4 Bb7 10.d3 O-O 11.O-O Qd7 12.Be3 Nd4 13.Qd2 Rfe8 14.f4 Rac8 15.Bxd4 
cxd4 16.Nb5 Nc6 17.c5 dxc5 18.bxc5 Bf8 19.cxb6 axb6 20.e5 Na5 21.Bxb7 Nxb7
22.g4 Rc5 23.a4 Rec8 24.Ng3 Rc2 25.Qd1 Be7 26.Ne4 Ra2 27.Rf2 Rxf2 28.Kxf2 
Qd5 29.Rb2 Kg7 30.g5 h6 31.h4 hxg5 32.hxg5 Nc5 33.Nxc5 Qxc5 34.Kg3 Bxg5 
35.Kh2 Bh6 36.Nd6 Qc1 37.Qxc1 Rxc1 38.Nb7 1/2-1/2

[Event "12th Asia-ch (women)"]
[Site "Tehran IRI"]
[Date "2007.09.11"]
[Round "9"]
[White "Mouradian, Knarik"]
[Black "Amrutha Mokal, Sunil"]
[Result "1-0"]
[WhiteElo "2164"]
[BlackElo "2166"]
[EventDate "2007.09.03"]
[PlyCount "113"]

1.e4 c5 2.d3 Nc6 3.g3 g6 4.Bg2 Bg7 5.Nc3 e6 6.Be3 d6 7.Qd2 Nd4 8.Nd1 e5 9.
c3 Ne6 10.Ne2 Ne7 11.O-O d5 12.exd5 Nxd5 13.Bh6 O-O 14.Bxg7 Kxg7 15.Ne3 
Nf6 16.Rad1 Rb8 17.d4 cxd4 18.cxd4 exd4 19.Nxd4 Qxd4 20.Qxd4 Nxd4 21.Rxd4 
b6 22.Rc1 Bb7 23.Rc7 Bxg2 24.Kxg2 a5 25.Nc4 Rfe8 26.Kf3 h5 27.h3 g5 28.Nd6
Rf8 29.Nf5+ Kg6 30.g4 hxg4+ 31.hxg4 Rfd8 32.Rxd8 Rxd8 33.Rc6 Rb8 34.Ne3 
Kg7 35.Nc4 Nd7 36.Rd6 Rb7 37.Rd5 f6 38.Nd6 Ra7 39.Nf5+ Kg6 40.Kg3 Ne5 41.
Rb5 Rb7 42.Nd6 Rb8 43.b3 Nd7 44.Rd5 Nc5 45.Nc4 a4 46.bxa4 Nxa4 47.Rd6 Kf7 
48.Ne3 Nc5 49.f3 Re8 50.Nd5 Nd3 51.Rxb6 Ra8 52.Re6 Rxa2 53.Rxf6+ Kg7 54.
Rf5 Kh6 55.Nc3 Ra8 56.Ne4 Rg8 57.Rxg5 1-0

[Event "12th Asia-ch (women)"]
[Site "Tehran IRI"]
[Date "2007.09.11"]
[Round "9"]
[White "Zhang Xiaowen"]
[Black "Huang Qian"]
[Result "1/2-1/2"]
[WhiteElo "2203"]
[BlackElo "2410"]
[EventDate "2007.09.03"]
[PlyCount "133"]

1.e4 c5 2.Nf3 d6 3.d4 cxd4 4.Nxd4 Nf6 5.Nc3 a6 6.a4 Nbd7 7.Bc4 g6 8.Qe2 
Qc7 9.f4 Bg7 10.Nf3 e6 11.O-O O-O 12.Be3 Re8 13.Bb3 b6 14.Rad1 Bb7 15.Qd3 
Bf8 16.Kh1 Rad8 17.Bd4 Nc5 18.Qe3 Bg7 19.Nd2 Ng4 20.Qg1 Bxd4 21.Qxd4 e5 
22.fxe5 Nxb3 23.Nxb3 dxe5 24.Qg1 Kg7 25.h3 Nf6 26.Qe3 Nh5 27.Nc1 Nf4 28.
Nd3 Nxd3 29.Rxd3 Rxd3 30.Qxd3 Rd8 31.Nd5 Bxd5 32.exd5 a5 33.c4 Qd6 34.g4 
f6 35.b3 Re8 36.Qe4 Qb4 37.Qf3 Rf8 38.Qe3 Qd6 39.Re1 Re8 40.Qc3 Kf7 41.Qg3
Re7 42.Rf1 Ke8 43.Qf3 Rf7 44.Qe4 Kd8 45.Kg2 f5 46.Qe3 Kd7 47.Qd3 e4 48.Qd4
Re7 49.Qe3 Re5 50.Qh6 e3 51.gxf5 e2 52.Re1 Qb4 53.Qxh7+ Re7 54.Qh4 gxf5 
55.Qf2 Qd2 56.Qxf5+ Kc7 57.Qf6 Kd7 58.Qc6+ Kd8 59.Qa8+ Kc7 60.Qc6+ Kd8 61.
Qxb6+ Ke8 62.Qf2 Qd3 63.Qg3 Re3 64.Qg8+ Ke7 65.Qg7+ Kd6 66.Qf8+ Kd7 67.
Qf7+ 1/2-1/2

[Event "12th Asia-ch (women)"]
[Site "Tehran IRI"]
[Date "2007.09.11"]
[Round "9"]
[White "Gu Xiaobing"]
[Black "Hoang Thi Nhu Y"]
[Result "1/2-1/2"]
[WhiteElo "2351"]
[BlackElo "2018"]
[EventDate "2007.09.03"]
[PlyCount "108"]

1.e4 c6 2.d4 d5 3.exd5 cxd5 4.c4 Nf6 5.Nf3 e6 6.Nc3 Be7 7.cxd5 Nxd5 8.Bd3 
Nc6 9.O-O O-O 10.Re1 Bf6 11.Be4 a6 12.a3 Nxc3 13.bxc3 Qa5 14.Qc2 g6 15.Bb2
Rd8 16.Rad1 Rb8 17.c4 Nxd4 18.Nxd4 Bxd4 19.Qd2 Qxd2 20.Rxd2 e5 21.Bd5 Be6 
22.Bxd4 exd4 23.Bxe6 fxe6 24.f4 Rbc8 25.Rxe6 Rxc4 26.Re7 d3 27.Rxb7 Rxf4 
28.Rb3 Rfd4 29.Kf2 R4d6 30.Rb4 Kg7 31.Rb7+ Kh6 32.Ke1 Rf8 33.Re7 Rb8 34.g4
Kg5 35.h3 h6 36.Kf2 h5 37.gxh5 Kxh5 38.Ke3 Rb3 39.a4 Rb4 40.Rh7+ Kg5 41.a5
Rb5 42.h4+ Kg4 43.Rxd3 Re5+ 44.Kd2 Rxd3+ 45.Kxd3 Rxa5 46.Rh6 Kf5 47.h5 
Ra3+ 48.Ke2 Rg3 49.Rxg6 Rh3 50.Rxa6 Rxh5 51.Kf2 Rh1 52.Ra5+ Kg4 53.Rc5 Kh4
54.Kg2 Re1 1/2-1/2